=LDR 00000nam 2200000 4500 =001 INLIS000000000018596 =005 20201116104439 =035 ##$$a 0010-061300000018596 =008 201116################g##########0#ind## =041 ##$$a Ind =082 ##$$a 320 =090 ##$$a 320, Sya i =100 ##$$a SYAFIIE, Inu Kencana =245 1#$$a Ilmu pemerintahan (Edisi Revisi), /$c Inu Kencana Syafiie =260 ##$$a Bandung :$b Mandar maju,$c 2003 =300 ##$$a xiv, 430 hlm. ; $c 20 x 14 cm =650 #4$$a POLITIK, ILMU =850 ##$$a NBPNMAT =020 ##$$a 979-538-084-2 =084 ##$$a 320 SYA i =500 ##$$a Indeks: halaman 427-430 =504 ##$$a Bibliografi: halaman 421-426 =990 ##$$a 10310810